[Event "ROM-ch U14"]
[Site "Baile Felix"]
[Date "2017.02.02"]
[Round "1"]
[White "Stroe, Flavius Gabriel"]
[Black "Antal, Andrei"]
[Result "1-0"]
[WhiteElo "1879"]
[BlackElo "1372"]
[PlyCount "83"]
[EventDate "2017.02.02"]
[EventType "swiss"]
[EventRounds "9"]
[EventCountry "ROU"]
[SourceTitle "CBM 176 Extra"]
[Source "ChessBase"]
[SourceDate "2017.03.02"]
[SourceVersion "1"]
[SourceVersionDate "2017.03.02"]
[SourceQuality "1"]

1. d4 Nf6 2. c4 g6 3. Nc3 Bg7 4. Bf4 d6 5. e3 0-0 6. Nf3 Nfd7 7. Be2 Nc6 8. 0-0 e5 9. Bg3 b6 10. Bh4 Bf6 11. Bxf6 Nxf6 12. Qc2 Bb7 13. Rad1 Qe7 14. dxe5 Nxe5 15. Nxe5 Qxe5 16. Qd2 Rac8 17. Nd5 Nxd5 18. cxd5 Rfe8 19. Qd4 Qxd4 20. Rxd4 Re5 21. Bf3 f5 22. Rc1 Re7 23. Bd1 Kg7 24. Ba4 Kf6 25. Bc6 Bxc6 26. Rxc6 Re4 27. Rxe4 fxe4 28. f4 exf3 29. gxf3 Ke5 30. e4 Kf4 31. Kf2 g5 32. Rc4 h5 33. h3 h4 34. a4 a6 35. Rc1 a5 36. Rc4 b5 37. axb5 Rb8 38. Rxc7 Rxb5 39. Rf7+ Ke5 40. Ke3 Rb3+ 41. Kd2 Rb6 42. Rf5+ 1-0